Recopilación de delitos en la legislación chilena y jurisprudencia.

Sábháilte in:
Sonraí bibleagrafaíochta
Príomhchruthaitheoir: Muñoz Guzmán, Diego
Rannpháirtithe: Alarcón Corsi, Humberto, Enríquez González, Simona (colaboradora), Vergara Palma, Charlene (colaboradora), Minchel Parada, Katalina (colaboradora)
Formáid: Anaithnid
Teanga:Béarla
Foilsithe / Cruthaithe: Santiago, Chile. Thomson Reuters, 2021
Eagrán:1a. edición
Ábhair:
Clibeanna: Cuir clib leis
Níl clibeanna ann, Bí ar an gcéad duine le clib a chur leis an taifead seo!

MARC

LEADER 00000 a2200000 4500
003 CL-VaPUC
005 20211102103742.0
008 211012b2021 ||||| |||| 00| 0 eng d
999 |c 433688  |d 433686 
020 |a 978-956-400-221-7 
040 |c Pontificia Universidad Católica de Valparaíso 
082 |a 345.8302 MUÑ 2021 
100 1 |a Muñoz Guzmán, Diego  |9 863431 
245 1 |a Recopilación de delitos en la legislación chilena y jurisprudencia. 
250 |a 1a. edición  
260 |a Santiago, Chile.   |b Thomson Reuters,  |c 2021 
300 |a 371 páginas  
583 |k Cristina María Rojas Aguilar  |c 20211012 
650 |a Código penal   |x Delitos  |z Chile  |9 863487 
650 0 |a Delitos  |9 224143  |x Legislación chilena  |x Jurisprudencia 
700 |a Alarcón Corsi, Humberto  |9 863435 
700 |a Enríquez González, Simona  |e colaboradora  |9 863488 
700 |a Vergara Palma, Charlene  |e colaboradora  |9 863489 
700 |a Minchel Parada, Katalina  |e colaboradora  |9 863490 
942 |2 ddc  |c BK 
952 |0 0  |1 0  |2 ddc  |4 0  |6 345_830200000000000_MUÑ_2021  |7 0  |8 A  |9 578997  |a BIBDER  |b BIBDER  |d 2021-10-12  |e 31  |g 0.00  |i 5589177  |l 4  |o 345.8302 MUÑ 2021  |p 5589177  |r 2024-10-21  |s 2024-10-21  |t 1  |v 0.00  |w 2021-10-12  |y BK  |k DER